Les 30 marques les plus puissantes au monde - Statistiques

Statistiques générales
  • Ce quiz a été pris 448 fois
  • Le résultat moyen est 10 sur 30
Statistiques - réponses
Numéro Marque Nationalité Valeur en Milliards de $ % Correct
Numéro 1 Apple USA 482 Milliards
89%
Numéro 5 Samsung Coréen 87 Milliards
80%
Numéro 4 Google USA 251 Milliards
72%
Numéro 2 Microsoft USA 278 Milliards
67%
Numéro 3 Amazon USA 274 Milliards
60%
Numéro 12 Tesla USA 48 Milliards
57%
Numéro 17 Facebook USA 34 Milliards
54%
Numéro 8 Mercedes Allemand 56 Milliards
54%
Numéro 14 Louis Vuitton Français 44 Milliards
50%
Numéro 10 Nike USA 50 Milliards
49%
Numéro 13 BMW Allemand 46 Milliards
46%
Numéro 6 Toyota Japonais 59 Milliards
45%
Numéro 28 IKEA Suèdois 21 Milliards
40%
Numéro 11 McDonald's USA 48 Milliards
33%
Numéro 30 GUCCI Italien 20 Milliards
32%
Numéro 16 Instagram USA 36 Milliards
31%
Numéro 22 Chanel Français 29 Milliards
29%
Numéro 7 Coca-Cola USA 57 Milliards
29%
Numéro 26 Honda Japonais 22 Milliards
21%
Numéro 23 Hermes Français 27 Milliards
20%
Numéro 25 Youtube USA 24 Milliards
14%
Numéro 9 Disney USA 50 Milliards
10%
Numéro 18 IBM USA 34 Milliards
5%
Numéro 19 Intel USA 32 Milliards
5%
Numéro 27 American Express USA 22 Milliards
2%
Numéro 24 J.P Morgan USA 24 Milliards
2%
Numéro 20 SAP Allemand 31 Milliards
2%
Numéro 21 Adobe USA 30 Milliards
1%
Numéro 15 Cisco USA 41 Milliards
1%
Numéro 29 UPS USA 21 Milliards
1%
Aucun quiz correspondant
Distribution des résultats
% des personnes avec chaque résultat
Percentile par nombre de réponses
Votre historique - résultats
Vous n’avez pas pris ce quiz